Normal view
MARC view
- Erdilek, Asim
Entry Personal Name
001 - CONTROL NUMBER
- control field: 2749
003 - CONTROL NUMBER IDENTIFIER
- control field: OSt
005 - DATE AND TIME OF LATEST TRANSACTION
- control field: 20191224165019.0
008 - FIXED-LENGTH DATA ELEMENTS
- fixed length control field: 191224|| aca||aabn | a|a d
040 ## - CATALOGING SOURCE
- Original cataloging agency: OSt
- Transcribing agency: OSt
100 ## - HEADING--PERSONAL NAME
- Personal name: Erdilek, Asim
670 ## - SOURCE DATA FOUND
- Source citation: Work cat.: (OSt)2030: Erdilek, Asim , Multinational As Multi invaders : Into Industry Direct Foreign Investment, 1985
